[Event "POR-ch qual"]
[Site "Amadora"]
[Date "2011.09.11"]
[Round "9"]
[White "Massena, Domingos Manuel Cos"]
[Black "Veiga, Jose F Reis P Neves"]
[Result "0-1"]
[WhiteElo "1226"]
[BlackElo "1501"]
[PlyCount "88"]
[EventDate "2011.09.03"]
[EventType "swiss"]
[EventRounds "9"]
[EventCountry "POR"]
[SourceTitle "CBM 144 Extra"]
[Source "ChessBase"]
[SourceDate "2011.10.28"]
[SourceVersion "1"]
[SourceVersionDate "2011.10.28"]
[SourceQuality "1"]

1. d4 Nf6 2. g3 d5 3. Nf3 g6 4. Bg2 Bg7 5. Bf4 0-0 6. Ng5 b6 7. e4 h6 8. Nf3 Nxe4 9. Nbd2 Nxd2 10. Qxd2 Kh7 11. h4 Bb7 12. g4 Nd7 13. 0-0-0 c5 14. h5 g5 15. Nxg5+ hxg5 16. Bxg5 Rh8 17. Rde1 Bf6 18. Be3 cxd4 19. Qd3+ Kg8 20. Bf4 e5 21. Bd2 Nc5 22. Qf5 Bc8 23. Qf3 e4 24. Qf4 d3 25. c3 Ne6 26. Qg3 Qc7 27. Qxc7 Nxc7 28. g5 Be5 29. Rh4 Bf5 30. Reh1 Ne6 31. Bh3 Bxh3 32. R1xh3 Kg7 33. Rg4 Rac8 34. Rhh4 Nd4 35. Kd1 Nf3 36. h6+ Kg6 37. Rh3 Rhe8 38. h7 Rh8 39. Rh6+ Kg7 40. g6 f5 41. Rg2 Nxd2 42. Rh5 Nf3 43. b4 Rxc3 44. a4 Bf4 0-1

[Event "POR-ch qual"]
[Site "Amadora"]
[Date "2011.09.03"]
[Round "1"]
[White "Silva, Miguel"]
[Black "Massena, Domingos Manuel Cos"]
[Result "1-0"]
[WhiteElo "1683"]
[BlackElo "1226"]
[PlyCount "29"]
[EventDate "2011.09.03"]
[EventType "swiss"]
[EventRounds "9"]
[EventCountry "POR"]
[SourceTitle "CBM 144 Extra"]
[Source "ChessBase"]
[SourceDate "2011.10.28"]
[SourceVersion "1"]
[SourceVersionDate "2011.10.28"]
[SourceQuality "1"]

1. e4 e5 2. Nf3 Nc6 3. Bc4 Bc5 4. 0-0 Nf6 5. d4 exd4 6. e5 Ng4 7. Bxf7+ Kf8 8. Bb3 h6 9. Qe2 Qe7 10. Bf4 b6 11. h3 Nf6 12. Nh4 Qe8 13. Qd3 Nxe5 14. Bxe5 Qxe5 15. Ng6+ 1-0